Better Call Saul Trivia #A - Statistics

General Stats
  • This quiz has been taken 226 times
  • The average score is 6 of 15
Answer Stats
Hint Answer % Correct
City, where the show takes place Albuquerque
96%
Neighboring state of New Mexico Arizona
80%
Jimmy studied at the University of __ American Samoa
74%
What Tuco calls his grandmother Abuelita
70%
__ are seen eating ice cream that had fallen to the ground Ants
59%
Another word for lawyer Attorney
56%
Lalo hunts down a german worker who is carrying an __ Axe
41%
Episode title and spanish for "yellow" Amarillo
39%
Only episode of the first season not ending in "o" Alpine Shepherd Boy
23%
Krazy-8 is played by actor Max __ Arciniega
23%
Doesnt want to leave his home to make way for a Mesa Verde callcenter Acker
22%
Works for the Salamancas, gets suffocated in a plastic bag Arturo Colon
18%
Nacho lies to Bolsa and the Salamancas about working for __ of the peruvian cartel Alvarez
11%
Jimmy sells these after loosing his law license for a year Ad spots
8%
Mike meets this woman in the support group of Stacey Anita
5%
No matching quizzes found
Score Distribution
Percent of People with Each Score
Percentile by Number Answered
Your Score History
You have not taken this quiz